000 01318nam a2200397 i 4500
001 196383
003 ES-MaACL
005 20241012063114.0
007 ta
008 240920s1989 fr 000 0 grc d
020 _a2729104216
_q(V. 1)
035 _aCSIC000651074
035 _a(ES-MaCSI)000651074MAD01-Aleph
035 _a(OCoLC)1123757673
035 _a990006510740204201
040 _aES-MaCSI
_bspa
_cVL
_dES-MaACL
080 _a821.14 Homero
100 0 _aHomero
_964112
245 1 2 _aL'Iliade.
_n1 /
_ctexte bilingue présenté par Claude Michel Cluny.
260 _aParis :
_bLa Différence,
_c1989.
300 _a850 p. ;
_c23 cm.
336 _2rdacontent
_atexto
337 _2rdamedia
_asin mediación
338 _2rdacarrier
_avolumen
490 1 _aOeuvres d'Homère ;
_v1
546 _aTexto griego y traducción francesa
700 1 _aCluny, Claude Michel
_9238839
830 _aOeuvres d'Homère ;
_v1
_9238840
852 _aES-MaACL
_cDEPO1
_hDonación: José Manuel Duarte Cendán
_9204081
_jA-15422
903 _9238529
_aDuarte Cendán, José Manuel
_q1
_ednr
942 _n0
_cMONOGRAFIA
999 _c196383
_d196383